Princess
| Main Author: | |
|---|---|
| Format: | Book |
| Published: |
K.L : Creative Enterprise ,
1994
|
| Subjects: |
MARC
| LEADER | 00000cam a2200000 7i4500 | ||
|---|---|---|---|
| 001 | 0000006613 | ||
| 002 | 000007134 | ||
| 005 | 20000330.0 | ||
| 020 | |a 9838931578 | ||
| 090 | 0 | 0 | |a F |b MOH |
| 100 | 0 | |a Mohd.Isnin Tawaf | |
| 245 | 1 | 0 | |a Princess |c Mohd.Isnin Tawaf |
| 260 | |b K.L : |b Creative Enterprise , |c 1994 | ||
| 300 | |a 169p. ; |c 17cm. | ||
| 650 | 0 | 0 | |a Malay fiction |
| 999 | |a 038384 |b BUKU |c YOUTH FICTION |e PERPUSTAKAAN KOMUNITI PETALING JAYA | ||
| 999 | |a 038385 |b BUKU |c YOUTH FICTION |e PERPUSTAKAAN KOMUNITI PETALING JAYA | ||